Reactor handbook: physics. (Record no. 545872)

000 -LEADER
fixed length control field 00657cam a22001691 4500
082 ## - DEWEY DECIMAL CLASSIFICATION NUMBER
Classification number 621.4831
Author Mark REA
-- L-7, P-23
245 00 - TITLE STATEMENT
Title Reactor handbook: physics.
Statement of responsibility, etc. Contributors: Argonne National Laboratory [and others. Coordination and editing by J. F. Hogerton and R. C. Grass, Vitro Corporation of America.
250 ## - EDITION STATEMENT
Edition statement 1st ed.]
260 ## - PUBLICATION, DISTRIBUTION, ETC.
Place of publication, distribution, etc. New York,
Name of publisher, distributor, etc. McGraw-Hill,
Date of publication, distribution, etc. 1955.
300 ## - PHYSICAL DESCRIPTION
Extent xvi, 790 p.
Other physical details diagrs., tables.
Dimensions 27 cm.
526 ## - STUDY PROGRAM INFORMATION NOTE
Program name 0
Interest level 0
Reading level 0
Title point value 621_483100000000000_REA
650 #0 - SUBJECT ADDED ENTRY--TOPICAL TERM
Topical term or geographic name entry element MCE
9 (RLIN) 379
650 #0 - SUBJECT ADDED ENTRY--TOPICAL TERM
Topical term or geographic name entry element Nuclear reactors.
9 (RLIN) 40082
710 2# - ADDED ENTRY--CORPORATE NAME
Corporate name or jurisdiction name as entry element Argonne National Laboratory.
9 (RLIN) 41849
710 2# - ADDED ENTRY--CORPORATE NAME
Corporate name or jurisdiction name as entry element Vitro Corporation of America.
9 (RLIN) 41850
942 ## - ADDED ENTRY ELEMENTS (KOHA)
Source of classification or shelving scheme
Koha item type Book
Holdings
Withdrawn status Lost status Source of classification or shelving scheme Damaged status Not for loan Permanent Location Current Location Date acquired Total Checkouts Total Renewals Full call number Barcode Date last seen Date last checked out Price effective from Koha item type
          Military College of Engineering (MCE) Military College of Engineering (MCE) 05/29/2014 5 1 621.4831 REA MCE-78 06/27/2018 11/28/2017 05/29/2014 Book
© 2023 Central Library, National University of Sciences and Technology. All Rights Reserved.